| 000 | 01193nam a2200241 a 4500 | ||
|---|---|---|---|
| 001 | 64906 | ||
| 003 | BD-RjUL | ||
| 005 | 20211209081351.0 | ||
| 008 | 170223r19951974ii |||| |||| 000 0 ben d | ||
| 020 | _c: Tk. 10.00 | ||
| 035 | _a(BD-RjUL)65036 | ||
| 040 |
_aBD-RjUL _bben _cBD-RjUL _dBD-RjUL |
||
| 041 | _aben | ||
| 082 |
_223 _a891.44109 _bCHP 1975 |
||
| 100 | 1 |
_aচট্টোপাধ্যায়, শ্রীযুক্ত সুনীতিকুমার _9192373 |
|
| 245 |
_aপদাবলী-পরিচয় / _c শ্রীযুক্ত সুনীতিকুমার চট্টোপাধ্যায় ও শ্রীহরেকৃষ্ণ মুখোপাধ্যায় |
||
| 260 |
_aকলিকাতা : _bদেজ পাবলিশিং ; _c১৭৭৪ [পুনঃমুদ্রণ ১৯৭৫] |
||
| 300 |
_a১৯৫ পৃ. ; _c১৯ সেমি. |
||
| 650 |
_aবাংলাকবিতা _xইতিহাস ও সমালোচনা _9191619 |
||
| 650 |
_aBengali Poetry _xHistory and Criticism _9186582 |
||
| 700 |
_aমুখোপাধ্যায়, শ্রীহরেকৃষ্ণ _9192374 |
||
| 942 |
_2ddc _cBK |
||
| 999 |
_c64906 _d64906 |
||